| 000 | 01355cam a22001814a 4500 | ||
|---|---|---|---|
| 005 | 20250605164355.0 | ||
| 008 | 250528s ||||||||||||||||||||||||d | ||
| 035 | _a24315 | ||
| 040 |
_aGR-AtMCL _bgre _dGR-AtMCL _eAACR2 |
||
| 245 | 1 | _aΥπόμνημα των Επιμελητηρίων προς τον Πρωθυπουργό για την Επανεκκίνηση της Οικονομίας | |
| 260 |
_bΕμπορικό Και Βιομηχανικό Επιμελητήριο Αθηνών, _c2020 |
||
| 300 | _a64 | ||
| 520 | _aΝέα Ωηφιακή Υπηρεσία Ε.Β.Ε.Α. - Online Σύμβουλος Επιχειρήσεων για τον Covid-19, Το Σχέδιο Περιορισμού της Ζημιάς στην Οικονομία, Ισχυρό Κρας Τέστ για την Αγορά, Επανεκκίνηση της Οικονομικής Δραστηριότητας με Κανόνες, Στάση Αναμονής στις Εξαγωγές, Σειρά Δράσεων για τη Στήριξη και την Έγκαιρη Ενημέρωση των Εξαγωγικών Επιχειρήσεων, Έμφαση στα Μεγάλα Έργα για την Επανεκκίνηση της Οικονομίας. | ||
| 700 | 1 |
_aΜίχαλος Κωνσταντίνος _94319 |
|
| 942 | _cCR | ||
| 999 |
_c9204 _d9204 |
||